000 00309nam a22001331a 4500
020 _a9788170816430
082 _aS 630
_bNAV/S
100 _aNavalatha
245 _aSanskrit vagmaye krishi vigyanam/
_cby Navalatha
260 _aDelhi:
_bNag,
_c2007.
300 _a264p.
650 _aAgriculture
942 _cBK
999 _c40494
_d40494